Longest Words with Definitions - Statistics

General Stats
  • This quiz has been taken 28 times
  • The average score is 5 of 13
Answer Stats
Hint Answer % Correct
Opposition to the disestablishment of the Church of England. antidisestablishmentarianism 44242
72%
A lung disease caused by inhaling very fine ash and sand dust. pneumonoultramicroscopicsilicovolcanoconiosis 6
72%
Extraordinarily good; wonderful. supercalifragilisticexpialidocious 345345
72%
An irrational fear of long words. hippopotomonstrosesquippedaliophobia 56756
61%
The action or habit of estimating something as worthless. floccinaucinihilipilification 25234
56%
A lake in Webster, Massachusetts. chargoggagoggmanchauggagoggchaubunagungamaugg 567
50%
A test that measures electrical activity in the brain. electroencephalography 234
33%
An inherited condition that causes short stature, round face, and short hand bones pseudopseudohypoparathyroidism 242432432
33%
Inflammation of the larynx, trachea, and bronchi. laryngotracheobronchitis 234234
22%
In musical notation, an 8192nd note. semihemidemisemihemidemisemihemidemisemiquaver 6
22%
Describing the spa waters of Bath, England. aequeosalinocalcalinoceraceoaluminosocupreovitriolic 876768876786687
17%
The state of being able to achieve honors. honorificabilitudinitatibus 4234234
17%
The study of the effect of the mind on health and resistance to disease. psychoneuroimmunology 234234
11%
No matching quizzes found
Score Distribution
Percent of People with Each Score
Percentile by Number Answered
Your Score History
You have not taken this quiz